LEADER 00403nab a2200133 i 4500 001 000000266708 003 CaOOAMICUS 005 20180831164739.0 008 180831n xx uu u0 0und r 013 $a10836 040 $aSeMil$bita 245 10$a[vedi periodico]. 773 0 $tAnno 2005.$dRoma : Istituto Poligrafico e Zecca dello Stato, 2005.$w()162251 996 $6245$a[vedi periodico]$9(OLS)http://semarc/title/309439 LEADER 01060nam a2200205 i 4500 001 000000250199 003 CaOOAMICUS 005 20160719000000.0 008 160719s1778 xx u000 u fre u 013 $a229104 026 $ae,le e,ne 2.de leex (3) 1778 (R) 040 $aSeMil$bita 245 10$aCHE-COTT. 300 $a[4], 744 p. 500 $aSegn. : pg2 A-5A4. - La c. 5A4 erron. segn. 5B1. 773 0 $aFélice, Fortune Barthelemy <1723-1789>$tCode de l'humanité, ou La législation universelle, naturelle, civile et politique, avec l'histoire littéraire des plus grands hommes qui ont contribué à la perfection de ce code. Composé par une société de gens de lettres, indiqués à la page suivante. Le tout revu & mise en ordre alphabétique par M. De Felice. Tome 1. [-13.].$dYverdon : Dans l'Imprimerie de M. De Felice, 1778.$g3$w()19197 850 $aSeMil 852 $aSeMil$W1$xVenegono$y1$m3L VI 8 FA$j200545$B200545$CSeMilBibl$Z2$F212285 $8I 961 $aRecupero: Mantegazza 996 $6245$aCHE-COTT$9(OLS)http://semarc/title/352415 LEADER 01207nam a2200265 i 4500 001 000000112267 003 CaOOAMICUS 005 20030212000000.0 008 030212s1989 gw u000 u ger u 013 $a84951 020 $a3-429-01216-3 040 $aSeMil$bita 100 1 $aGillen, Erny.$0(OLS)http://semarc/name/47033 245 10$aWie Christen ethisch handeln und denken :$bzur Debatte um die Autonomie der Sittlichkeit im Kontext katholischer Theologie /$cErny Gillen. 260 $aWürzburg :$bEchter,$ccopyr. 1989. 300 $a215 p. ;$c24 cm. 500 $aContiene : Literaturverzeichnis. - Fondo Card. C.M. Martini. 650 4$aMorale cristiana - Chiesa cattolica.$0(OLS)http://semarc/subject/1419 850 $aSeMil 852 $aSeMil$W1$xVenegono$y1$m2E III 16$j68036$B68036$CSeMilBibl$Z2$F89939 $81 941 1 $a4 961 $aOmaggio: Martini Card. Carlo Maria 996 $6020$a3-429-01216-3$9(OLS)http://semarc/number/94777 996 $6245$aWie Christen ethisch handeln und denken :$bzur Debatte um die Autonomie der Sittlichkeit im Kontext katholischer Theologie$9(OLS)http://semarc/title/163637 996 $6260$aWürzburg :$bEchter$9(OLS)http://semarc/publisher/29704